The night Santa went crazy lyrics - Statistics

General Stats
  • This quiz has been taken 9 times
  • The average score is 11 of 15
Answer Stats
Hint Answer % Correct
For the good gentile girls, And the good _______ ____ gentile boys
100%
Down in the workshop, __ __ _____ ____ ______ ____ all the elves were making toys
83%
From his beard to his boots, he was covered with ___ ammo
83%
And ____ ______ on his breath cheap whiskey
83%
Nearly scared 'em ____ __ _____ half to death
83%
______ ___________ __ ___ merry christmas to all
83%
Something finally ____ ____ ______ __ ___ _____ must have snapped in his brain
83%
The night _____ ____ _____ santa went crazy
83%
When the ____ _____ __ boss busted in
67%
___ _____ ___ ____ ___! now you're all gonna die
67%
And he smiled and he said, With a _____ __ ___ ___ twinkle in his eye
67%
Realised he'd been getting _ ___ ____ a raw deal
50%
The night _____ ____ ____ ______ saint nick went insane
50%
Like a ___ ___ _____ __________ ________ _____ big fat drunk disgruntled yuletide Rambo
33%
Had a ___ In his _____ rifle hands
33%
No matching quizzes found
Score Distribution
Percent of People with Each Score
Percentile by Number Answered
Your Score History
You have not taken this quiz